=LDR 00000nam 2200000 4500 =001 INLIS000000000004034 =005 20130612092325 =008 ***********************************Ind** =035 ##$$0010-061300000004034 =041 ##$$a Ind =082 ##$$a 808.02 =090 ##$$a 808.02, Bud m =100 ##$$a Budianta, Eka =245 ##$$a Menggebrak dunia mengarang =260 ##$$a [19-?] $b Jakarta =300 ##$$a x, 75 hlm, 18 cm =650 ##$$a Teknik menulis karangan =850 ##$$a NBPNMAT